Meet the gypsy moth /

Bibliographic Details
Main Authors: Zerillo, Roger T., Podgwaite, J. D. (Author)
Corporate Authors: United States. Forest Service, Northeastern Forest Experiment Station (Radnor, Pa.)
Format: Government Document Book
Language:English
Published: [Upper Darby, Pa.] : [U.S. Dept. of Agriculture, Forest Service, Northeastern Forest Experiment Station], [1975]
Subjects:

MARC

Tag First Indicator Second Indicator Subfields
LEADER 00000cam a2200000 i 4500
001 in00000792421
005 20151017071259.0
008 761211s1975 paua f00010 eng d
010 |a gp 77001372  
020 |c pbk. 
035 |a (OCoLC)02619988 
035 |9 ADP5150AM 
040 |a GPO  |c GPO  |d MvI-ocm  |d UtOrBLW 
074 |a 84 
086 |a A 13.42/2:G 99 
100 1 |a Zerillo, Roger T. 
245 1 0 |a Meet the gypsy moth /  |c [by R. T. Zerillo and J. D. Podgwaite]. 
264 1 |a [Upper Darby, Pa.] :  |b [U.S. Dept. of Agriculture, Forest Service, Northeastern Forest Experiment Station],  |c [1975] 
300 |a 15 unnumbered pages :  |b color illustrations ;  |c 16 x 22 cm. 
336 |a text  |b txt  |2 rdacontent 
337 |a unmediated  |b n  |2 rdamedia 
338 |a volume  |b nc  |2 rdacarrier 
650 0 |a Gypsy moth. 
700 1 |a Podgwaite, J. D.,  |e author. 
710 1 |a United States.  |b Forest Service. 
710 2 |a Northeastern Forest Experiment Station (Radnor, Pa.) 
999 |a MARS 
999 f f |s 4aafe522-094c-3d6f-ada1-9401e947acd4  |i 6a8b6568-3615-36d9-9b61-7b8e2031bb7b  |t 0 
952 f f |p normal  |a Texas A&M University  |b College Station  |c Sterling C. Evans Library  |d Evans: US Documents (Annex 5th floor)  |t 0  |e A 13.42/2:G 99  |h Superintendent of Documents classification  |i unmediated -- volume  |m A14829479249 
998 f f |a A 13.42/2:G 99  |t 0  |l Evans: US Documents (Annex 5th floor)